[Event "23rd EUR-ch"]
[Site "Vrnjacka Banja SRB"]
[Date "2023.03.12"]
[Round "10.83"]
[White "Costa, Leonardo"]
[Black "Kovacevic, Aleksandar"]
[Result "1/2-1/2"]
[WhiteElo "2364"]
[BlackElo "2489"]
[EventDate "2023.03.03"]
[PlyCount "75"]

1.e4 e5 2.Nf3 Nf6 3.d4 Nxe4 4.Bd3 d5 5.Nxe5 Bd6 6.O-O Nd7 7.Nc3 Nxc3 8.
bxc3 O-O 9.Re1 Bxe5 10.dxe5 Nc5 11.Bf1 Bf5 12.Ba3 b6 13.Qd2 Re8 14.Rad1 c6
15.c4 Qc7 16.cxd5 cxd5 17.Qg5 Be6 18.Qh5 Red8 19.Rd4 Qc8 20.Rf4 d4 21.Rd1 
Bxa2 22.Rd3 Nxd3 23.Bxd3 h6 24.Be7 Bc4 25.Bf6 Bxd3 26.Bxg7 Kxg7 27.Qxf7+ 
Kh8 28.Qf6+ Kh7 29.Qe7+ Kh8 30.Qf6+ Kh7 31.Qf7+ Kh8 32.Rf6 Qxc2 33.Rxh6+ 
Bh7 34.Qf6+ Kg8 35.Qg5+ Kh8 36.Qf6+ Kg8 37.Qe6+ Kh8 38.Qf6+ 1/2-1/2

[Event "23rd EUR-ch"]
[Site "Vrnjacka Banja SRB"]
[Date "2023.03.12"]
[Round "10.84"]
[White "Hagner, Bennet"]
[Black "Gokerkan, Cem Kaan"]
[Result "0-1"]
[WhiteElo "2361"]
[BlackElo "2486"]
[EventDate "2023.03.03"]
[PlyCount "82"]

1.e4 c5 2.Nf3 e6 3.d4 cxd4 4.Nxd4 Nf6 5.Nc3 Nc6 6.Ndb5 Bc5 7.Bf4 O-O 8.Bc7
Qe7 9.Bd6 Bxd6 10.Qxd6 Qd8 11.O-O-O a6 12.Nd4 Ne7 13.h4 b5 14.f3 Ne8 15.
Qh2 b4 16.Na4 d6 17.b3 e5 18.Ne2 Bd7 19.Nb2 a5 20.Kb1 a4 21.bxa4 Nc8 22.
Nc1 Nb6 23.g4 Qc7 24.Qd2 Nxa4 25.Nxa4 Rxa4 26.g5 Qc5 27.h5 Be6 28.Bh3 Qc8 
29.Bxe6 fxe6 30.h6 g6 31.Rhf1 Rf4 32.Qe2 Qc6 33.Qd3 Ra3 34.Qd2 Qc4 35.Rde1
Nc7 36.Qxd6 Nb5 37.Qxe5 Nc3+ 38.Kb2 Rxa2+ 39.Nxa2 Qxa2+ 40.Kc1 Qa1+ 41.Kd2
Nb1+ 0-1

[Event "23rd EUR-ch"]
[Site "Vrnjacka Banja SRB"]
[Date "2023.03.12"]
[Round "10.85"]
[White "Tadic, Stefan"]
[Black "Sadikhov, Ulvi"]
[Result "0-1"]
[WhiteElo "2353"]
[BlackElo "2485"]
[EventDate "2023.03.03"]
[PlyCount "146"]

1.d4 Nf6 2.Nf3 g6 3.Nc3 Bg7 4.e4 d6 5.Be2 O-O 6.O-O Nc6 7.h3 e5 8.dxe5 
Nxe5 9.Nxe5 dxe5 10.Bc4 Qe7 11.Qe2 c6 12.a4 Nh5 13.b3 Rd8 14.Qf3 Nf4 15.
Ne2 Ne6 16.Ba3 Qh4 17.Rad1 Re8 18.Qg3 Qxe4 19.f4 exf4 20.Nxf4 Be5 21.Nh5 
f5 22.Qg5 Qxc4 23.Nf6+ Kf7 24.Qh6 Qxf1+ 25.Rxf1 Bd4+ 26.Kh1 Bxf6 27.Rxf5 
gxf5 28.Qh5+ Kg7 29.Qxe8 c5 30.b4 Nc7 31.Qe3 Nd5 32.Qg3+ Kf7 33.Qf3 Be6 
34.Qh5+ Kg7 35.Bc1 f4 36.c4 Ne3 37.Qf3 Rd8 38.Bxe3 fxe3 39.Qxe3 Bf7 40.
Qg3+ Bg6 41.Qc7+ Kg8 42.Qxc5 h5 43.h4 Bxh4 44.Qe5 Re8 45.Qd6 Kg7 46.g3 Bf6
47.Kg2 Bf5 48.c5 Rd8 49.Qf4 Kg6 50.b5 Re8 51.c6 bxc6 52.bxc6 Be4+ 53.Kf1 
Bxc6 54.g4 Re5 55.Qc4 Bd5 56.gxh5+ Kxh5 57.Qc8 a5 58.Qc7 Kg4 59.Qc8+ Kg3 
60.Qc3+ Bf3 61.Qc7 Kf4 62.Qc1+ Kg4 63.Qc8+ Rf5 64.Ke1 Bg5 65.Qc4+ Kg3 66.
Qc7+ Bf4 67.Qg7+ Rg5 68.Qc3 Rd5 69.Qg7+ Rg5 70.Qc3 Bd6 71.Kf1 Re5 72.Qd3 
Rd5 73.Qg6+ Bg4 0-1

[Event "23rd EUR-ch"]
[Site "Vrnjacka Banja SRB"]
[Date "2023.03.12"]
[Round "10.86"]
[White "Zanan, Evgeny"]
[Black "Peyrer, Konstantin"]
[Result "1/2-1/2"]
[WhiteElo "2485"]
[BlackElo "2395"]
[EventDate "2023.03.03"]
[PlyCount "85"]

1.e4 e5 2.Nf3 Nc6 3.Bb5 a6 4.Ba4 Nf6 5.O-O Be7 6.Re1 b5 7.Bb3 O-O 8.h3 Bb7
9.d3 d5 10.exd5 Nxd5 11.Nbd2 f6 12.a4 Kh8 13.Ne4 Na5 14.Ba2 c5 15.c3 Rc8 
16.Ng3 Re8 17.axb5 axb5 18.Nf5 Bf8 19.N3h4 g5 20.Nf3 c4 21.dxc4 Nxc4 22.h4
Nf4 23.Bxc4 Qxd1 24.Rxd1 Rxc4 25.hxg5 Ne2+ 26.Kf1 Nxc1 27.Raxc1 fxg5 28.
Ne3 Bxf3 29.gxf3 Rf4 30.Kg2 e4 31.fxe4 Bc5 32.Rd5 Bxe3 33.fxe3 Rfxe4 34.
Rxg5 b4 35.Rg3 bxc3 36.Rxc3 Rb4 37.b3 Reb8 38.Kf3 Rxb3 39.Rxb3 Rxb3 40.Kf4
h5 41.Kf5 h4 42.Rh3 Kg7 43.Kf4 1/2-1/2

[Event "23rd EUR-ch"]
[Site "Vrnjacka Banja SRB"]
[Date "2023.03.12"]
[Round "10.87"]
[White "Ioannidis, Evgenios"]
[Black "Pacher, Milan"]
[Result "1-0"]
[WhiteElo "2473"]
[BlackElo "2392"]
[EventDate "2023.03.03"]
[PlyCount "69"]

1.c4 e6 2.Nc3 d5 3.d4 Nf6 4.Nf3 Bb4 5.Bg5 h6 6.Bxf6 Qxf6 7.Qa4+ Nc6 8.e3 
O-O 9.Be2 dxc4 10.O-O Bd7 11.Bxc4 Qe7 12.Qc2 Na5 13.Be2 c5 14.a3 Bxc3 15.
Qxc3 b6 16.dxc5 Qxc5 17.Qxc5 bxc5 18.b4 cxb4 19.axb4 Nc6 20.Rfd1 Bc8 21.
Ra4 Rd8 22.Rda1 Rb8 23.b5 Ne7 24.Rxa7 Nd5 25.Ne5 Bb7 26.Bf3 Kf8 27.h4 Ke8 
28.Rc1 Rd6 29.e4 Nf6 30.Rc7 Nd7 31.Nc4 Rd4 32.Na5 Ra4 33.b6 Ra1+ 34.Kh2 
Rh1+ 35.Kxh1 1-0

[Event "23rd EUR-ch"]
[Site "Vrnjacka Banja SRB"]
[Date "2023.03.12"]
[Round "10.88"]
[White "Manafov, Vugar"]
[Black "Firat, Burak"]
[Result "1-0"]
[WhiteElo "2349"]
[BlackElo "2471"]
[EventDate "2023.03.03"]
[PlyCount "91"]

1.Nf3 Nf6 2.g3 c5 3.c4 Nc6 4.Bg2 g6 5.b3 d6 6.Bb2 e5 7.Nc3 Bg7 8.O-O O-O 
9.d3 Rb8 10.a3 a6 11.Nd2 Ne7 12.b4 b6 13.Rb1 cxb4 14.axb4 b5 15.cxb5 axb5 
16.Ra1 Be6 17.Ra6 Ne8 18.Nde4 Bc8 19.Ra3 Nc7 20.e3 Ne6 21.Qb3 d5 22.Nd2 d4
23.Nce4 Bb7 24.Nc5 Nxc5 25.bxc5 Bxg2 26.Kxg2 dxe3 27.fxe3 Nf5 28.Rf3 Qd7 
29.e4 Ne7 30.Ra6 Nc6 31.Nf1 Nd4 32.Bxd4 exd4 33.Rd6 Qe7 34.Qd5 Rb7 35.Nd2 
Be5 36.Nb3 Ra7 37.Nxd4 Bxd6 38.Nc6 Qb7 39.cxd6 Ra2+ 40.Qxa2 Qxc6 41.e5 g5 
42.e6 Qxd6 43.exf7+ Kg7 44.Qb2+ Kg6 45.Qxb5 Rxf7 46.Qe8 1-0

[Event "23rd EUR-ch"]
[Site "Vrnjacka Banja SRB"]
[Date "2023.03.12"]
[Round "10.89"]
[White "Bronstein, Or"]
[Black "Arsovic, Zoran"]
[Result "1/2-1/2"]
[WhiteElo "2465"]
[BlackElo "2390"]
[EventDate "2023.03.03"]
[PlyCount "167"]

1.d4 Nf6 2.c4 e6 3.Nf3 c5 4.d5 d6 5.Nc3 g6 6.g3 Bg7 7.Bg2 O-O 8.O-O exd5 
9.cxd5 Re8 10.Re1 Nbd7 11.Bf4 Ng4 12.a4 c4 13.h3 Nge5 14.Nxe5 Nxe5 15.Qd2 
Qe7 16.Rec1 a6 17.a5 Bd7 18.Ne4 Bf5 19.Bg5 f6 20.Bf4 Bxe4 21.Bxe4 Rac8 22.
Bg2 f5 23.Ra4 Rc5 24.Be3 Rb5 25.Bd4 Rb3 26.Rc3 Rc8 27.Rxb3 cxb3 28.Qe3 Qd7
29.Qxb3 Qb5 30.Qxb5 axb5 31.Rb4 Rc4 32.Bc3 Rc5 33.Bf1 Nc4 34.Bxg7 Kxg7 35.
e3 Nxa5 36.Bxb5 Rxd5 37.Be2 Rc5 38.Bf3 Rc7 39.Rd4 Nc4 40.b3 Ne5 41.Be2 Nf7
42.Kg2 Kf8 43.Bf3 Ke7 44.Rb4 Nd8 45.g4 fxg4 46.Bxg4 Rc5 47.Bf3 Rc7 48.Bd5 
Kd7 49.Rf4 Ke8 50.Re4+ Kf8 51.h4 Rc5 52.Rd4 Ke7 53.Re4+ Kf8 54.Rf4+ Kg7 
55.Bc4 d5 56.Be2 Nc6 57.Bg4 Rb5 58.Be6 Nd8 59.Bd7 Nc6 60.Be6 Nd8 61.Bd7 
Nc6 62.Be8 Rxb3 63.Rf7+ Kh6 64.Rd7 Rb4 65.h5 Re4 66.Bf7 Re7 67.Rxe7 Nxe7 
68.hxg6 hxg6 69.Be8 Kg5 70.f4+ Kf6 71.Kf3 Nf5 72.Ba4 Nd6 73.Bb3 Ke6 74.Ke2
Ne4 75.Bc2 Ng3+ 76.Kd3 Nf5 77.Bb3 Kd6 78.e4 dxe4+ 79.Kxe4 b5 80.Bf7 Nh4 
81.Kd4 Ke7 82.Bxg6 Nxg6 83.Kc5 Nxf4 84.Kxb5 1/2-1/2

[Event "23rd EUR-ch"]
[Site "Vrnjacka Banja SRB"]
[Date "2023.03.12"]
[Round "10.90"]
[White "Milosevic, Milos"]
[Black "Pajeken, Jakob Leon"]
[Result "1/2-1/2"]
[WhiteElo "2347"]
[BlackElo "2465"]
[EventDate "2023.03.03"]
[PlyCount "46"]

1.e4 e5 2.Nf3 Nc6 3.Bb5 a6 4.Ba4 Be7 5.O-O Nf6 6.Re1 b5 7.Bb3 d6 8.c3 O-O 
9.h3 Nb8 10.d4 Nbd7 11.Nbd2 Bb7 12.Bc2 c5 13.d5 c4 14.Nf1 Qc7 15.Ng3 g6 
16.Bg5 Rfb8 17.Qd2 Nc5 18.b4 cxb3 19.axb3 Ne8 20.Bh6 Bc8 21.Nh2 Nb7 22.b4 
Nd8 23.Bd3 f6 1/2-1/2

[Event "23rd EUR-ch"]
[Site "Vrnjacka Banja SRB"]
[Date "2023.03.12"]
[Round "10.91"]
[White "Bazakutsa, Svyatoslav"]
[Black "Kurmann, Oliver"]
[Result "1-0"]
[WhiteElo "2335"]
[BlackElo "2464"]
[EventDate "2023.03.03"]
[PlyCount "97"]

1.c4 e5 2.g3 Nf6 3.Bg2 Bc5 4.Nc3 c6 5.Nf3 e4 6.Nh4 d5 7.cxd5 cxd5 8.d3 Ng4
9.O-O g5 10.d4 Be7 11.h3 gxh4 12.hxg4 Nc6 13.f3 exf3 14.Bxf3 Be6 15.Bf4 
hxg3 16.Kg2 Qd7 17.e3 h5 18.Nb5 Rc8 19.Rh1 h4 20.Bxg3 a6 21.Nc3 Rg8 22.
Bxh4 Bxg4 23.Bg3 Be6 24.Kf2 Bg5 25.Qe2 Ne7 26.Rag1 Nf5 27.Bf4 Bxf4 28.
Rxg8+ Ke7 29.exf4 Rxg8 30.Nxd5+ Kd8 31.Qe5 Qd6 32.Nf6 Rf8 33.Rc1 Qxd4+ 34.
Qxd4+ Nxd4 35.Bxb7 Ke7 36.Nd5+ Kd6 37.Nc3 Rb8 38.Rd1 Rxb7 39.Rxd4+ Kc5 40.
Rd2 Rb8 41.Ke3 Rh8 42.f5 Bc8 43.Ne4+ Kb4 44.Nd6 f6 45.Nxc8 Rxc8 46.Rd6 Ka5
47.Rxf6 Rc2 48.Re6 Rxb2 49.f6 1-0

[Event "23rd EUR-ch"]
[Site "Vrnjacka Banja SRB"]
[Date "2023.03.12"]
[Round "10.92"]
[White "Piliposian, Robert"]
[Black "Isik, Alparslan"]
[Result "1-0"]
[WhiteElo "2314"]
[BlackElo "2462"]
[EventDate "2023.03.03"]
[PlyCount "68"]

1.d4 d5 2.Nf3 Nf6 3.c4 c6 4.Nc3 dxc4 5.a4 Bf5 6.Ne5 e6 7.f3 Bb4 8.Nxc4 O-O
9.Kf2 e5 10.Nxe5 Bc2 11.Qd2 c5 12.d5 Bb3 13.e4 Re8 14.Qf4 c4 15.Bxc4 Bxc4 
16.Nxc4 Na6 17.Rd1 Rc8 18.e5 Bxc3 19.bxc3 Nxd5 20.Qd4 Nxc3 21.Qxd8 Rexd8 
22.Rxd8+ Rxd8 23.Be3 Nb4 24.a5 Nc6 25.Rc1 Nd1+ 26.Ke2 Nxe3 27.Nxe3 Nd4+ 
28.Kf2 Nb3 29.Rc7 Nxa5 30.Nf5 Rb8 31.Nd6 Nc6 32.f4 Nd8 33.Rd7 g6 34.g4 a5 
1-0

[Event "23rd EUR-ch"]
[Site "Vrnjacka Banja SRB"]
[Date "2023.03.12"]
[Round "10.93"]
[White "Rozen, Eytan"]
[Black "Malcewska, Aleksandra"]
[Result "1/2-1/2"]
[WhiteElo "2458"]
[BlackElo "2388"]
[EventDate "2023.03.03"]
[PlyCount "60"]

1.g3 d5 2.Bg2 g6 3.d3 Bg7 4.Nd2 c5 5.Ngf3 Nf6 6.O-O O-O 7.e4 dxe4 8.dxe4 
Nc6 9.c3 b6 10.Qe2 e5 11.Nc4 Ba6 12.Bg5 Qe8 13.Rfd1 Na5 14.Nfd2 h6 15.Bxf6
Bxf6 16.Bf1 Qe6 17.h4 Rad8 18.b3 Nxc4 19.Nxc4 Rxd1 20.Rxd1 Bxc4 21.bxc4 
Rd8 22.Rxd8+ Bxd8 23.Qd2 Be7 24.Qxh6 Qg4 25.Qe3 Bxh4 26.Be2 Qg5 27.Qd3 
Qc1+ 28.Kg2 Bg5 29.Qd7 Qxc3 30.Qxa7 Qc2 1/2-1/2

[Event "23rd EUR-ch"]
[Site "Vrnjacka Banja SRB"]
[Date "2023.03.12"]
[Round "10.94"]
[White "Ozsac, Samet Harun"]
[Black "Royal, Shreyas"]
[Result "0-1"]
[WhiteElo "2293"]
[BlackElo "2452"]
[EventDate "2023.03.03"]
[PlyCount "45"]

1.c4 Nf6 2.Nc3 e5 3.Nf3 Nc6 4.e4 Bb4 5.d3 d6 6.a3 Bxc3+ 7.bxc3 O-O 8.g3 
Rb8 9.a4 Ne8 10.Nh4 Ne7 11.Bg2 f5 12.exf5 Nxf5 13.Nxf5 Bxf5 14.Be3 b6 15.
a5 Nf6 16.O-O Qd7 17.axb6 axb6 18.Ra7 Bh3 19.Qa4 Qf5 20.Bxh3 Qxh3 21.Qc6 
Rbc8 22.Qg2 Qh5 23.Rfa1 0-1

[Event "23rd EUR-ch"]
[Site "Vrnjacka Banja SRB"]
[Date "2023.03.12"]
[Round "10.95"]
[White "Nigalidze, Gaioz"]
[Black "Pasti, Aron"]
[Result "1-0"]
[WhiteElo "2448"]
[BlackElo "2378"]
[EventDate "2023.03.03"]
[PlyCount "27"]

1.e4 c5 2.Nf3 e6 3.d4 cxd4 4.Nxd4 Nc6 5.Nc3 Qc7 6.a3 a6 7.Be3 b5 8.Nxc6 
Qxc6 9.h4 Bc5 10.Qg4 Kf8 11.Qg5 Be7 12.Qf4 d6 13.g4 Bf6 14.Bd2 1-0

[Event "23rd EUR-ch"]
[Site "Vrnjacka Banja SRB"]
[Date "2023.03.12"]
[Round "10.96"]
[White "Godena, Michele"]
[Black "Uskov, Artem"]
[Result "1-0"]
[WhiteElo "2446"]
[BlackElo "2373"]
[EventDate "2023.03.03"]
[PlyCount "39"]

1.d4 Nf6 2.Nf3 d5 3.c4 e6 4.e3 Be7 5.Nc3 a6 6.cxd5 exd5 7.Bd3 O-O 8.O-O c5
9.dxc5 Bxc5 10.e4 d4 11.Ne2 Bg4 12.e5 Bxf3 13.exf6 Bxe2 14.Qxe2 Qxf6 15.
Qh5 h6 16.Qxc5 Nc6 17.Qf5 Qxf5 18.Bxf5 Rfd8 19.Rd1 g5 20.Bd2 1-0

[Event "23rd EUR-ch"]
[Site "Vrnjacka Banja SRB"]
[Date "2023.03.12"]
[Round "10.97"]
[White "Shoshin, Kirill"]
[Black "Stoyanov, Tsvetan"]
[Result "0-1"]
[WhiteElo "2278"]
[BlackElo "2446"]
[EventDate "2023.03.03"]
[PlyCount "74"]

1.e4 c6 2.c4 d5 3.exd5 cxd5 4.cxd5 Nf6 5.Nc3 Nxd5 6.Nf3 Nc6 7.Bc4 Nb6 8.
Bb3 Na5 9.Bc2 g6 10.h3 Bg7 11.d4 O-O 12.O-O Be6 13.Re1 Rc8 14.Be4 Nbc4 15.
Qe2 Nd6 16.Bf4 Bc4 17.Bd3 Bxd3 18.Qxd3 Nf5 19.Be5 Bxe5 20.Rxe5 Nc4 21.Rb5 
Nfd6 22.Rb4 Qa5 23.a3 Nxb2 24.Qd2 Nbc4 25.Qh6 Nf5 26.Qg5 Nxd4 27.Nd5 Nxf3+
28.gxf3 Rc5 29.Rd1 Nb6 30.Nxe7+ Kg7 31.Qe3 Re5 32.Qd4 f6 33.Nc8 Rd5 34.
Rxb6 Rxd4 35.Rxb7+ Kh8 36.Rxd4 Rxc8 37.Rdd7 Rc1+ 0-1

[Event "23rd EUR-ch"]
[Site "Vrnjacka Banja SRB"]
[Date "2023.03.12"]
[Round "10.98"]
[White "Goriachkina, Oksana"]
[Black "Spyropoulos, Nikolaos"]
[Result "1/2-1/2"]
[WhiteElo "1759"]
[BlackElo "2442"]
[EventDate "2023.03.03"]
[PlyCount "93"]

1.d4 e6 2.c4 Nf6 3.Nf3 Bb4+ 4.Nbd2 b6 5.a3 Bxd2+ 6.Qxd2 Bb7 7.e3 O-O 8.Be2
d6 9.b4 Nbd7 10.O-O Ne4 11.Qc2 f5 12.Ne1 Qe7 13.f3 Nef6 14.Nd3 c5 15.dxc5 
dxc5 16.b5 e5 17.Nf2 Nh5 18.Rd1 f4 19.e4 Rfd8 20.Bb2 Nf8 21.Rxd8 Rxd8 22.
Rd1 Rxd1+ 23.Qxd1 Nf6 24.Nd3 Ng6 25.Qa1 Nd7 26.Qd1 Qd6 27.Qa4 Qb8 28.Qd1 
Qc7 29.g3 fxg3 30.hxg3 Bc8 31.Qd2 h6 32.Bf1 Ndf8 33.Qc3 Ne6 34.Qd2 Nd4 35.
Bxd4 exd4 36.f4 Nf8 37.Bg2 Be6 38.Qc2 Nd7 39.Nb2 Nf6 40.e5 Ng4 41.Qe4 Qf7 
42.Qa8+ Kh7 43.Be4+ Bf5 44.Bd5 Be6 45.Be4+ Bf5 46.Bd5 Be6 47.Be4+ 1/2-1/2

[Event "23rd EUR-ch"]
[Site "Vrnjacka Banja SRB"]
[Date "2023.03.12"]
[Round "10.99"]
[White "Wachinger, Nikolas"]
[Black "Schekachikhin, Maksim"]
[Result "1-0"]
[WhiteElo "2440"]
[BlackElo "2367"]
[EventDate "2023.03.03"]
[PlyCount "115"]

1.e4 c5 2.Nf3 Nc6 3.Bb5 g6 4.O-O Bg7 5.c3 Nf6 6.Re1 O-O 7.d4 d5 8.e5 Ne4 
9.Be3 Qb6 10.Bxc6 bxc6 11.Qc1 c4 12.Nbd2 Nxd2 13.Nxd2 Bf5 14.b3 Bd3 15.h4 
a5 16.Qd1 h6 17.Qg4 Qd8 18.e6 f6 19.bxc4 dxc4 20.Ne4 Qd5 21.Nc5 Bf5 22.Qf4
g5 23.Qh2 Rfb8 24.Bc1 Qd6 25.Ba3 Qxh2+ 26.Kxh2 Rb5 27.Nd7 Re8 28.hxg5 hxg5
29.f3 Bg6 30.g4 f5 31.Kg2 Bf6 32.Rad1 Kg7 33.Rd2 Rc8 34.Ne5 fxg4 35.fxg4 
Rb1 36.Rde2 Rxe1 37.Rxe1 Bxe5 38.Rxe5 Kf6 39.Bc1 Bb1 40.Bxg5+ Kg6 41.Bxe7 
Bxa2 42.Rg5+ Kh6 43.Rxa5 Bb1 44.Kf3 Re8 45.Ra7 Bd3 46.Kf4 Be2 47.Kf5 Rg8 
48.g5+ Kh5 49.Bf6 Bg4+ 50.Ke5 Kg6 51.Rc7 Bf3 52.Kd6 Kf5 53.Rf7 Kg6 54.Be7 
Bd5 55.Rf6+ Kg7 56.Rh6 Be4 57.Bf6+ Kf8 58.Rh2 1-0

[Event "23rd EUR-ch"]
[Site "Vrnjacka Banja SRB"]
[Date "2023.03.12"]
[Round "10.100"]
[White "Bulmaga, Irina"]
[Black "Damjanovic, Vuk"]
[Result "1/2-1/2"]
[WhiteElo "2438"]
[BlackElo "2361"]
[EventDate "2023.03.03"]
[PlyCount "107"]

1.e4 d6 2.d4 Nf6 3.Nc3 e5 4.Nf3 Nbd7 5.Bc4 Be7 6.O-O O-O 7.Re1 c6 8.a4 b6 
9.Ba2 a6 10.h3 Rb8 11.Bg5 Qc7 12.Nh4 g6 13.Nf3 Re8 14.Bh6 Bf8 15.Qd2 Bxh6 
16.Qxh6 Nf8 17.dxe5 dxe5 18.Nd1 Be6 19.Bxe6 Rxe6 20.Ne3 Ne8 21.Nf1 f6 22.
Qe3 Rd6 23.Red1 Rbd8 24.Qb3+ Kg7 25.Rxd6 Nxd6 26.N1d2 Nd7 27.Qe3 a5 28.Nb3
Nf8 29.Nh2 Ne6 30.Ng4 Nf7 31.Qf3 Qe7 32.Qc3 Qd6 33.Ne3 Nd4 34.Kf1 Ng5 35.
Nc4 Qc7 36.Re1 Nge6 37.Ne3 Nxb3 38.cxb3 Nc5 39.Rd1 Rxd1+ 40.Nxd1 Qd7 41.
Ne3 Nxe4 42.Qc2 Nc5 43.Nc4 Qd8 44.g3 Ne6 45.Qe4 Qd1+ 46.Kg2 Nd4 47.Qe3 Ne2
48.Nxe5 fxe5 49.Qxe5+ Kf7 50.Qc7+ Kf8 51.Qb8+ Ke7 52.Qe5+ Kf7 53.Qc7+ Ke6 
54.Qxc6+ 1/2-1/2

[Event "23rd EUR-ch"]
[Site "Vrnjacka Banja SRB"]
[Date "2023.03.12"]
[Round "10.101"]
[White "Stalmach, Richard"]
[Black "Filip, Lucian-Ioan"]
[Result "0-1"]
[WhiteElo "2436"]
[BlackElo "2349"]
[EventDate "2023.03.03"]
[PlyCount "90"]

1.d4 Nf6 2.c4 e6 3.Nf3 b6 4.g3 Ba6 5.Qa4 Be7 6.Bg2 O-O 7.Nc3 c6 8.Bf4 b5 
9.cxb5 cxb5 10.Nxb5 Nd5 11.Nc3 Nxf4 12.gxf4 Qb6 13.Rb1 d5 14.Ne5 Bb4 15.
Qd1 Rc8 16.O-O Nc6 17.Nxc6 Rxc6 18.f5 Bxc3 19.bxc3 Qa5 20.Qd2 exf5 21.Rb3 
Bc4 22.Rb2 Re8 23.Rfb1 Rce6 24.Bf3 g6 25.Rb8 Rxb8 26.Rxb8+ Kg7 27.Qb2 Ra6 
28.Ra8 Qa3 29.Qxa3 Rxa3 30.Rd8 Kf6 31.Bxd5 Ke7 32.Bxc4 Kxd8 33.Bb3 a5 34.
e3 a4 35.Bxf7 Rxc3 36.Bg8 Ke7 37.Kg2 Rc8 38.Bd5 Kd6 39.Bf7 Ke7 40.Bd5 Kd6 
41.Bf7 g5 42.Kf3 Rc2 43.Kg3 g4 44.Bg8 h6 45.Bf7 Ke7 0-1

[Event "23rd EUR-ch"]
[Site "Vrnjacka Banja SRB"]
[Date "2023.03.12"]
[Round "10.103"]
[White "Mastrovasilis, Athanasios"]
[Black "Filip, Andrei"]
[Result "1-0"]
[WhiteElo "2518"]
[BlackElo "2325"]
[EventDate "2023.03.03"]
[PlyCount "73"]

1.d4 Nf6 2.c4 e6 3.Nc3 Bb4 4.e3 b6 5.Ne2 Ne4 6.Qc2 Bb7 7.a3 Bxc3+ 8.Nxc3 
Nxc3 9.Qxc3 d6 10.b3 Qh4 11.d5 e5 12.Bd3 Nd7 13.O-O O-O 14.e4 a5 15.Be3 
Rfe8 16.f3 Nf8 17.b4 Qe7 18.c5 bxc5 19.bxc5 c6 20.Rab1 dxc5 21.Bxc5 Qd7 
22.Rfd1 cxd5 23.Bb5 Bc6 24.Bxf8 Bxb5 25.Rxd5 Qe6 26.Rbxb5 Rxf8 27.Rxe5 Qh6
28.a4 Rac8 29.Rec5 Rcd8 30.Rd5 Rc8 31.Rbc5 Rb8 32.Qc1 Qb6 33.h3 Qb3 34.
Rxa5 Rbc8 35.Qf4 Qb1+ 36.Kh2 Rc1 37.Qe3 1-0

[Event "23rd EUR-ch"]
[Site "Vrnjacka Banja SRB"]
[Date "2023.03.12"]
[Round "10.104"]
[White "Burcu, Cagatay"]
[Black "Reshef, Omer"]
[Result "1/2-1/2"]
[WhiteElo "2331"]
[BlackElo "2492"]
[EventDate "2023.03.03"]
[PlyCount "54"]

1.d4 Nf6 2.Nf3 d5 3.c3 c6 4.Qc2 g6 5.Bf4 Bf5 6.Qb3 Qb6 7.h3 Bg7 8.Nbd2 h6 
9.e3 O-O 10.Be2 Nbd7 11.Ne5 Rfe8 12.g4 Be6 13.O-O Nxe5 14.Bxe5 Ne4 15.Nxe4
dxe4 16.Qc2 Bxe5 17.dxe5 Red8 18.c4 Qa5 19.Qxe4 Rd2 20.Rfe1 Qb4 21.b3 Rxa2
22.Rxa2 Qxe1+ 23.Kg2 Qc3 24.f4 Qxb3 25.Rc2 b5 26.f5 Bxc4 27.Bxc4 bxc4 
1/2-1/2

[Event "23rd EUR-ch"]
[Site "Vrnjacka Banja SRB"]
[Date "2023.03.12"]
[Round "10.105"]
[White "Kraus, Tomas"]
[Black "Sukovic, Andrej"]
[Result "1/2-1/2"]
[WhiteElo "2486"]
[BlackElo "2322"]
[EventDate "2023.03.03"]
[PlyCount "95"]

1.d4 Nf6 2.Nf3 e6 3.c4 Bb4+ 4.Nc3 O-O 5.e3 Re8 6.Bd2 Bxc3 7.Bxc3 Ne4 8.Qc2
Nxc3 9.Qxc3 Qe7 10.O-O-O d6 11.Bd3 e5 12.Bc2 Bg4 13.h3 Bxf3 14.gxf3 exd4 
15.Rxd4 Nc6 16.Rg4 Qe5 17.Qd2 Qa5 18.Qxa5 Nxa5 19.Rhg1 g6 20.h4 Re5 21.f4 
Rh5 22.f5 Nc6 23.f4 Kf8 24.Kd2 Ne7 25.fxg6 hxg6 26.Rh1 Kg7 27.Rg5 Rah8 28.
Rxh5 Rxh5 29.Bd1 Rh8 30.e4 f5 31.Bf3 fxe4 32.Bxe4 b6 33.Ke3 Kf6 34.Kf3 a6 
35.Kg4 Rh5 36.Rd1 Rc5 37.b3 Ra5 38.a4 b5 39.cxb5 axb5 40.Rd4 bxa4 41.Rxa4 
Rb5 42.b4 Ng8 43.Bc6 Rb6 44.b5 Ne7 45.Bd7 d5 46.Ra6 d4 47.Kf3 d3 48.Ke3 
1/2-1/2

[Event "23rd EUR-ch"]
[Site "Vrnjacka Banja SRB"]
[Date "2023.03.12"]
[Round "10.106"]
[White "Castellanos Rodriguez, Renier"]
[Black "Jocev, Milan"]
[Result "1-0"]
[WhiteElo "2484"]
[BlackElo "2315"]
[EventDate "2023.03.03"]
[PlyCount "77"]

1.e4 e5 2.Nf3 Nc6 3.Bb5 a6 4.Ba4 Nf6 5.O-O Be7 6.d3 b5 7.Bb3 O-O 8.Nc3 d6 
9.a3 Na5 10.Ba2 Be6 11.Bg5 h6 12.Bxf6 Bxf6 13.b4 Nc6 14.Nd5 Nd4 15.Nxd4 
exd4 16.Nf4 Bxa2 17.Rxa2 Be5 18.Ne2 a5 19.f4 Bf6 20.Rb2 axb4 21.axb4 Qd7 
22.Ng3 g6 23.e5 dxe5 24.f5 Bg5 25.Rb1 Kh8 26.Ne4 Be3+ 27.Kh1 gxf5 28.Nc5 
Qd5 29.Rxf5 Rg8 30.Ne4 Ra6 31.Qf3 Qa2 32.Rf1 Qxc2 33.Rxf7 Qxd3 34.Qf5 Rag6
35.Rh7+ Kxh7 36.Nf6+ Kh8 37.Qxd3 R8g7 38.g3 Bg5 39.Ne4 1-0

[Event "23rd EUR-ch"]
[Site "Vrnjacka Banja SRB"]
[Date "2023.03.12"]
[Round "10.107"]
[White "Babazada, Khazar"]
[Black "Van Dael, Siem"]
[Result "1-0"]
[WhiteElo "2481"]
[BlackElo "2312"]
[EventDate "2023.03.03"]
[PlyCount "57"]

1.e4 c5 2.Nf3 d6 3.d4 cxd4 4.Nxd4 Nf6 5.Nc3 a6 6.Bg5 Nbd7 7.Bc4 Qb6 8.Bb3 
e6 9.Qd2 Be7 10.O-O-O O-O 11.f4 Qc7 12.Rhe1 h6 13.h4 b5 14.g4 b4 15.Na4 
Bb7 16.Qxb4 Rfe8 17.Bxf6 Nxf6 18.g5 d5 19.Qb6 Qxf4+ 20.Kb1 Nxe4 21.g6 Bxh4
22.Rxe4 Qxe4 23.gxf7+ Kxf7 24.Qxb7+ Kg6 25.Nc5 Reb8 26.Rg1+ Bg5 27.Nxe4 
Rxb7 28.Nxg5 hxg5 29.Nxe6 1-0

[Event "23rd EUR-ch"]
[Site "Vrnjacka Banja SRB"]
[Date "2023.03.12"]
[Round "10.108"]
[White "Kosakowski, Jakub"]
[Black "Vagman, Roy"]
[Result "1-0"]
[WhiteElo "2476"]
[BlackElo "2298"]
[EventDate "2023.03.03"]
[PlyCount "131"]

1.Nf3 d5 2.d4 Nf6 3.c4 e6 4.Nc3 dxc4 5.e4 b5 6.e5 Nd5 7.Nxb5 Nb6 8.Be2 Nc6
9.O-O Be7 10.Qd2 O-O 11.Rd1 Rb8 12.Nc3 Kh8 13.Qf4 Nb4 14.Ne4 Nc2 15.Rb1 
Nd5 16.Qd2 Na3 17.Ra1 Bb4 18.Qg5 Nc2 19.Rb1 Be7 20.Qh5 Na3 21.Nfg5 h6 22.
Nxf7+ Rxf7 23.Qxf7 Nxb1 24.Bxc4 Rb4 25.Bb3 Qf8 26.Qg6 Rxb3 27.axb3 Bb7 28.
Ng3 Bg5 29.Bxg5 hxg5 30.Qxg5 Nf4 31.f3 Kg8 32.Qg4 c5 33.d5 Bxd5 34.Rxb1 c4
35.b4 Nd3 36.Qd4 Qxb4 37.Qxa7 c3 38.Qe3 c2 39.Qxd3 Qb3 40.Qf1 Qe3+ 41.Kh1 
cxb1=Q 42.Qxb1 Qxe5 43.Qc1 Qd4 44.Nf1 Kh7 45.Ne3 Qb4 46.Qc3 Qb5 47.Kg1 Bb7
48.Kf2 e5 49.Kg3 Kh8 50.Nf5 Qe8 51.Kf2 Qe6 52.Ne3 e4 53.f4 Qh6 54.Kg3 Qg6+
55.Ng4 e3 56.Qxe3 Bxg2 57.b4 Bc6 58.h3 Qb1 59.Qd2 Kh7 60.Ne5 Be4 61.Kh4 
Bf5 62.Nf3 Bd3 63.Qe3 Bg6 64.Ng5+ Kh6 65.Ne6 Qxb4 66.Qe5 1-0

[Event "23rd EUR-ch"]
[Site "Vrnjacka Banja SRB"]
[Date "2023.03.12"]
[Round "10.109"]
[White "Gaal, Zsoka"]
[Black "Sokolovsky, Yahli"]
[Result "0-1"]
[WhiteElo "2320"]
[BlackElo "2476"]
[EventDate "2023.03.03"]
[PlyCount "65"]

1.d4 Nf6 2.Nf3 g6 3.g3 Bg7 4.Bg2 O-O 5.c4 d6 6.Nc3 Bd7 7.O-O Re8 8.e4 e5 
9.h3 exd4 10.Nxd4 Nc6 11.Be3 Nxd4 12.Bxd4 c5 13.Be3 Qc8 14.Qxd6 Bxh3 15.f3
h6 16.Rad1 Be6 17.Qd3 Nh5 18.Bf2 Rd8 19.Nd5 Bxd5 20.cxd5 Bxb2 21.f4 c4 22.
Qc2 Ba3 23.Kh2 Nf6 24.Bd4 Ng4+ 25.Kh1 b5 26.Bf3 h5 27.f5 Nh6 28.Qd2 Kh7 
29.Qg5 Rg8 30.Be3 Bf8 31.d6 Qd7 32.e5 Nxf5 33.Bxa8 0-1

[Event "23rd EUR-ch"]
[Site "Vrnjacka Banja SRB"]
[Date "2023.03.12"]
[Round "10.110"]
[White "Janzelj, Tim"]
[Black "Todorovic, Goran N."]
[Result "1-0"]
[WhiteElo "2472"]
[BlackElo "2296"]
[EventDate "2023.03.03"]
[PlyCount "81"]

1.e4 e5 2.Nf3 Nc6 3.Bc4 Bc5 4.c3 Qe7 5.O-O d6 6.d4 Bb6 7.Bb5 Bd7 8.Na3 Nf6
9.Nc4 O-O 10.Bxc6 Bxc6 11.a4 a6 12.Bg5 Rad8 13.d5 Bd7 14.Qb3 Bg4 15.Nxb6 
Bxf3 16.gxf3 cxb6 17.Qxb6 h6 18.Bxf6 Qxf6 19.Qe3 Qh4 20.Kh1 f5 21.Rae1 Rf6
22.f4 exf4 23.Qf3 Re8 24.exf5 Rxe1 25.Rxe1 Rxf5 26.Re8+ Rf8 27.Re6 Rf6 28.
Qe2 f3 29.Re8+ Kf7 30.Qe7+ Kg6 31.Rg8 Qxf2 32.Qxg7+ Kf5 33.Qg4+ Ke5 34.
Re8+ Kxd5 35.Qe4+ Kc5 36.Qb4+ Kc6 37.Rc8+ Kd7 38.Qxb7+ Ke6 39.Qe4+ Kf7 40.
Qe8+ Kg7 41.Qg8# 1-0

[Event "23rd EUR-ch"]
[Site "Vrnjacka Banja SRB"]
[Date "2023.03.12"]
[Round "10.111"]
[White "Vogel, Roven"]
[Black "Panic, Nenad"]
[Result "1/2-1/2"]
[WhiteElo "2462"]
[BlackElo "2295"]
[EventDate "2023.03.03"]
[PlyCount "82"]

1.e4 c5 2.Nf3 e6 3.d4 cxd4 4.Nxd4 a6 5.Bd3 Qc7 6.O-O Nf6 7.Qe2 d6 8.f4 
Nbd7 9.c4 b6 10.Nc3 Bb7 11.f5 e5 12.Nc2 Be7 13.Ne3 O-O 14.Ned5 Bxd5 15.
Nxd5 Nxd5 16.cxd5 b5 17.Be3 Qb7 18.a4 Nf6 19.Bf2 Rfb8 20.b4 Bd8 21.a5 Rc8 
22.Rac1 Kf8 23.h3 h6 24.g4 Ng8 25.h4 Rxc1 26.Rxc1 Rc8 27.Rc2 Rxc2 28.Qxc2 
Ke8 29.Qc1 Kd7 30.g5 hxg5 31.hxg5 Qc8 32.Qd2 Ke8 33.Qe3 Kd7 34.Bf1 Ke8 35.
Bh3 f6 36.g6 Bc7 37.Kf1 Kd7 38.Qe2 Qb8 39.Qh5 Qf8 40.Ke1 Kc8 41.Qh8 Kb7 
1/2-1/2